2023 Calendrier de l'Avent 21 : Expressions - Statistiques

Statistiques générales
  • Ce quiz a été pris 31 fois
  • Le résultat moyen est 61 sur 135
Statistiques - réponses
Question Tuile Select % Correct
Ne pas y passer le *** BER Non
85%
Ne pas y passer le *** JOU Non
85%
Ne pas y passer le *** PER Non
85%
Ne pas y passer le *** NOE Non
81%
Ne pas y passer le *** SOI Non
78%
Ne pas y passer le *** REE Non
70%
*** au Père Noël BER Non
63%
*** au Père Noël DES Non
63%
*** au Père Noël GRE Non
63%
*** au Père Noël JOU Non
63%
Ne pas y passer le *** REV Oui
63%
*** au Père Noël SOL Non
63%
*** au Père Noël ANS Non
59%
Etre le *** de la farce DI Oui
59%
Ne pas y passer le *** EIL Oui
59%
Etre le *** de la farce EL Non
59%
Etre le *** de la farce FI Non
59%
Etre le *** de la farce LA Non
59%
Etre le *** de la farce LE Non
59%
Ne pas y passer le *** LON Oui
59%
Etre le *** de la farce NO Non
59%
Etre le *** de la farce SE Non
59%
*** au Père Noël TOI Non
59%
*** comme neige au soleil AU Non
56%
*** comme neige au soleil CH Non
56%
*** au Père Noël CRO Oui
56%
*** comme neige au soleil ER Non
56%
*** comme neige au soleil FA Non
56%
*** comme neige au soleil FE Non
56%
*** comme neige au soleil FO Oui
56%
*** au Père Noël IRE Oui
56%
*** comme neige au soleil LA Non
56%
Etre le *** de la farce ND Oui
56%
*** comme neige au soleil ND Oui
56%
Etre le *** de la farce ON Oui
56%
*** comme neige au soleil RE Oui
56%
Etre *** comme neige B Oui
52%
Un cadeau *** du ciel BE Oui
52%
Etre *** comme neige C Non
52%
Avoir les *** DOU Non
52%
Etre *** comme neige G Non
52%
Un cadeau *** du ciel GE Non
52%
Avoir les *** GES Non
52%
Etre *** comme neige LA Oui
52%
Un cadeau *** du ciel LA Non
52%
Etre *** comme neige LE Non
52%
Etre *** comme neige LI Non
52%
Un cadeau *** du ciel M Oui
52%
Etre *** comme neige NC Oui
52%
Etre *** comme neige ND Non
52%
Etre *** comme neige NT Non
52%
Avoir les *** ROU Non
52%
Un cadeau *** du ciel S Non
52%
Un cadeau *** du ciel SE Non
52%
Avoir les *** SES Non
52%
Avoir les *** SES Non
52%
Un cadeau *** du ciel TE Non
52%
Un cadeau *** du ciel TO Oui
52%
Avoir les *** BOU Oui
48%
Avoir les *** COU Non
48%
Avoir les *** DES Non
48%
Avoir les *** LES Oui
48%
Noël au *** Pâques au tison ALE Non
44%
Ne pas être un *** ANG Non
44%
Ne pas être un *** ANT Non
44%
Ne pas être un *** BOU Non
44%
Ne pas être un *** DRE Non
44%
Noël au *** Pâques au tison DRE Non
44%
Noël au *** Pâques au tison LES Non
44%
Ne pas être un *** NOE Non
44%
Noël au *** Pâques au tison PAQ Non
44%
Ne pas être un *** PRE Non
44%
Un cadeau *** du ciel R Non
44%
Faire *** de neige BO Oui
41%
Se faire *** CHE Non
41%
Noël au *** Pâques au tison CON Oui
41%
Noël au *** Pâques au tison DUS Non
41%
Ne pas être un *** EAU Oui
41%
Faire *** de neige GUE Non
41%
Faire *** de neige IL Non
41%
Faire *** de neige LA Non
41%
Se faire *** LES Non
41%
Ne pas être un *** LOP Non
41%
Un *** passe N Oui
41%
Faire *** de neige NI Non
41%
Faire *** de neige RE Non
41%
Se faire *** RES Non
41%
Un *** passe S Non
41%
Faire *** de neige SAL Non
41%
Un *** passe T Non
41%
Noël au *** Pâques au tison TIR Non
41%
Faire *** de neige TRE Non
41%
Un *** passe U Non
41%
Faire *** de neige ULE Oui
41%
Un *** passe A Oui
37%
Ne pas être un *** CAD Oui
37%
Se faire *** CLO Non
37%
Se faire *** DER Oui
37%
Noël au *** Pâques au tison DOU Non
37%
Prendre une *** DRE Non
37%
Un *** passe I Non
37%
Prendre une *** ION Non
37%
Un *** passe L Non
37%
Prendre une *** SI Non
37%
Prendre une *** AL Non
33%
Noël au *** Pâques au tison BAL Oui
33%
Prendre une *** DE Non
33%
Un *** passe E Oui
33%
Prendre une *** ILA Non
33%
Tirer les *** du feu ILE Non
33%
Tirer les *** du feu SE Non
33%
Prendre une *** BU Oui
30%
Prendre une *** CHE Oui
30%
Tirer les *** du feu DRE Non
30%
Un *** passe G Oui
30%
Tirer les *** du feu RTE Non
30%
Tirer les *** du feu SER Non
30%
Prendre une *** SER Non
30%
Se faire *** BOU Non
26%
Tirer les *** du feu MA Non
26%
Se faire *** ENG Oui
22%
Se faire *** LAN Oui
22%
Tirer les *** du feu MA Oui
22%
Tirer les *** du feu NS Oui
22%
Tirer les *** du feu RRO Oui
22%
Se prendre une *** RUN Non
22%
Se faire *** UIR Oui
22%
Se prendre une *** CH Oui
19%
Se prendre une *** ISE Non
19%
Se prendre une *** LA Non
19%
Se prendre une *** LIN Non
19%
Se prendre une *** NA Non
19%
Se prendre une *** AIG Oui
15%
Se prendre une *** AT Oui
15%
Se prendre une *** NE Oui
15%
Aucun quiz correspondant
Distribution des résultats
% des personnes avec chaque résultat
Percentile par nombre de réponses
Votre historique - résultats
Vous n’avez pas pris ce quiz